LEADER 01279nam a2200277 i 4500 001 000000142705 003 CaOOAMICUS 005 20050909000000.0 008 050909s2005 it u000 u ita u 013 $a118061 020 $a88-8025-513-4 040 $aSeMil$bita 110 2 $aArcidiocesi di Milano.$0(OLS)http://semarc/name/400 245 12$aI cristiani nella città :$bper dare forma a un sogno : «Amore e giustizia voglio cantare» (Salmo 101,1) /$cArcidiocesi di Milano. 260 $aMilano :$bITL,$cCopyr. 2005. 300 $a227 p. ;$c21 cm. 490 0 $aSussidi per la catechesi ;$v2 500 $aContiene : Riferimenti bibliografici essenziali. 650 4$aChiesa cattolica - Dottrina Sociale - Catechesi.$0(OLS)http://semarc/subject/28078 830 0$aSussidi per la catechesi ;$v2.$0(OLS)http://semarc/title/16161 850 $aSeMil 852 $aSeMil$W1$xVenegono$y1$m2C II 492$j95856$B95856$CSeMilBibl$Z2$F102864 $81 961 $aOmaggio: Monti don Eros 996 $6020$a88-8025-513-4$9(OLS)http://semarc/number/131074 996 $6245$aI cristiani nella città :$bper dare forma a un sogno : «Amore e giustizia voglio cantare» (Salmo 101,1)$9(OLS)http://semarc/title/208757 996 $6260$aMilano :$bITL$9(OLS)http://semarc/publisher/30648 LEADER 01025nam a2200265 i 4500 001 000000164388 003 CaOOAMICUS 005 20240405151905.0 008 070913s1965 it u000 u ita u 013 $a141756 040 $aSeMil$bita 100 1 $aIonesco, Eugène,$d<1909-1994>.$0(OLS)http://semarc/name/26337 240 10$aNotes et contre-notes.$0(OLS)http://semarc/title/234543 245 10$aNote e contronote :$bscritti sul teatro /$cEugène Ionesco. 260 $aTorino :$bGiulio Einaudi,$ccopyr. 1965. 300 $a284 p. ;$c22 cm. 490 0 $aSaggi ;$v361 650 4$aTeatro.$0(OLS)http://semarc/subject/7132 830 0$aSaggi ;$v361.$0(OLS)http://semarc/title/341 850 $aSeMil 852 $aSeMil$W1$xVenegono$y1$m1R III 33$j246207$B115655$CSeMilBibl$Z2$F126538 $81 961 $aRecupero: Altro 996 $6245$aNote e contronote :$bscritti sul teatro$9(OLS)http://semarc/title/234542 996 $6260$aTorino :$bGiulio Einaudi$9(OLS)http://semarc/publisher/29810